000 00638nam a22002177a 4500
999 _c5822
_d5822
003 AR-CdUCM
008 190313b ||||| |||| 00| 0 spa d
040 _aMUNICIPALIDAD PROVINCIAL DEL CUSCO
_cBIBLIOTECA MUNICIPAL DEL CUSCO
082 _a869.56 /
_bO75
100 _aOrrillo, Winston
_91141
245 _aCrónicas /
260 _aLima :
_bEdic. De la rama Florida,
_c1967.
300 _c17 cm.
500 _aDonación familia Nieto
_aLibro sin enumeración
505 _aContenido :Poesías /
650 _aLiteratura peruana
_9169
650 _aPoesías
_92272
650 _aSiglo XX
_98
942 _2ddc
_cLIBROS
945 _arjall